Sports Quiz

Random Sports or Clickable Quiz
Score 0/32 Timer 06:00
0 Plays Today
% Correct
FC Basel
90.6%
Celtic
84.4%
Shakhtar Donetsk
81.3%
Bayern Munich
78.1%
Borussia Dortmund
78.1%
Ajax
78.1%
Arsenal
75%
Tottenham Hotspur
75%
Zenit St Petersburg
75%
Real Madrid
71.9%
Liverpool
68.8%
Manchester City
68.8%
Everton
68.8%
Schalke 04
68.8%
Chelsea
65.6%
Galatasaray
65.6%
% Correct
Olympique Lyonnais
65.6%
Manchester United
56.3%
Newcastle United
56.3%
PSV Eindhoven
56.3%
Spartak Moscow
56.3%
Fenerbahce
56.3%
Paris Saint-Germain
56.3%
Barcelona
56.3%
Marseille
50%
AS Monaco
43.8%
FC Porto
37.5%
Benfica
37.5%
Atletico Madrid
34.4%
Sevilla
31.3%
Valencia CF
28.1%
Olympiakos
25%
Remove Ads.
Support Sporcle.
Get the best of Sporcle when you Go Orange. This ad-free experience offers more features, more stats, and more fun while also helping to support Sporcle. Thank you for becoming a member.

You're not logged in!

Compare scores with friends on all Sporcle quizzes.
OR
Log In

Show Comments

Extras

Top Quizzes Today


Score Distribution

Your Account Isn't Verified!

In order to create a playlist on Sporcle, you need to verify the email address you used during registration. Go to your Sporcle Settings to finish the process.

Report this User

Report this user for behavior that violates our Community Guidelines.

Details: